[Event "Schleswig Holstein-ch Meisterklasse"]
[Site "Bad Segeberg"]
[Date "2018.03.24"]
[Round "1.4"]
[White "Cerny, Thorsten"]
[Black "Homuth, Manfred"]
[Result "0-1"]
[WhiteElo "2033"]
[BlackElo "2131"]
[PlyCount "50"]
[EventDate "2018.03.24"]
[EventType "swiss"]
[EventRounds "9"]
[EventCountry "GER"]
[SourceTitle "EXT 2022"]
[Source "ChessBase"]
[SourceDate "2021.10.06"]
[SourceVersion "1"]
[SourceVersionDate "2021.10.06"]
[SourceQuality "1"]

1. Nf3 Nf6 2. g3 g6 3. Bg2 Bg7 4. 0-0 0-0 5. d3 d6 6. c4 e5 7. Nc3 Nc6 8. Rb1 a5 9. a3 h6 10. Bd2 Be6 11. b4 axb4 12. axb4 Qd7 13. b5 Ne7 14. Re1 Nh5 15. Qc1 Kh7 16. Nh4 Rab8 17. Ra1 f5 18. Ra7 g5 19. Bxg5 hxg5 20. Qxg5 Nf6 21. Nf3 Bh6 22. Qh4 Ng6 23. Ng5+ Kg7 24. Nxe6+ Qxe6 25. Qh3 Bd2 0-1

[Event "Schleswig Holstein-ch M"]
[Site "Eckernfoerde"]
[Date "2016.03.23"]
[Round "6"]
[White "Homuth, Manfred"]
[Black "Krause, Ullrich"]
[Result "1/2-1/2"]
[WhiteElo "2129"]
[BlackElo "2223"]
[PlyCount "39"]
[EventDate "2016.03.19"]
[EventType "swiss"]
[EventRounds "9"]
[EventCountry "GER"]
[SourceTitle "EXT 2018"]
[Source "ChessBase"]
[SourceDate "2017.10.13"]
[SourceVersion "1"]
[SourceVersionDate "2017.10.13"]
[SourceQuality "1"]

1. e4 e6 2. d4 d5 3. Nd2 Nf6 4. e5 Nfd7 5. Bd3 c5 6. c3 Nc6 7. Ne2 a5 8. 0-0 a4 9. a3 cxd4 10. cxd4 Nb6 11. Nf3 Bd7 12. Bg5 Be7 13. h4 Na5 14. Nf4 h6 15. Bxe7 Qxe7 16. Rc1 Nbc4 17. Bxc4 Nxc4 18. Nd3 0-0 19. g3 Bb5 20. Rc3 1/2-1/2

[Event "Kiel op 28th"]
[Site "Kiel"]
[Date "2015.07.31"]
[Round "9"]
[White "Homuth, Manfred"]
[Black "Jansen, Sebastian"]
[Result "1/2-1/2"]
[WhiteElo "2142"]
[BlackElo "1686"]
[PlyCount "123"]
[EventDate "2015.07.25"]
[EventType "swiss"]
[EventRounds "9"]
[EventCountry "GER"]
[SourceTitle "CBM 167 Extra"]
[Source "ChessBase"]
[SourceDate "2015.09.14"]
[SourceVersion "1"]
[SourceVersionDate "2015.09.14"]
[SourceQuality "1"]

1. e4 e5 2. Nf3 Nc6 3. Bc4 Nf6 4. d3 Be7 5. 0-0 d6 6. a4 Bg4 7. h3 Bh5 8. c3 Na5 9. Ba2 Qd7 10. Re1 h6 11. b4 Nc6 12. b5 Nd8 13. d4 Ne6 14. g4 Bg6 15. Bxe6 Qxe6 16. d5 Qd7 17. Nbd2 h5 18. Nh2 hxg4 19. hxg4 Nh7 20. f3 Bh4 21. Re2 Ng5 22. Kg2 Qe7 23. Ndf1 Qf6 24. Qd3 Nh7 25. Be3 Bg5 26. Bf2 Bf4 27. Ng3 Ng5 28. Rh1 Nh3 29. Nhf1 Bxg3 30. Bxg3 Nf4+ 31. Bxf4 Rxh1 32. Kxh1 Qxf4 33. Qe3 Qxe3 34. Nxe3 Ke7 35. Kg2 a5 36. Re1 b6 37. Rh1 Kf6 38. Kg3 Re8 39. c4 Kg5 40. Rd1 Rd8 41. Rh1 Re8 42. Nd1 Kf6 43. Nf2 Kg5 44. Nh3+ Kf6 45. g5+ Ke7 46. Nf2 Rg8 47. f4 exf4+ 48. Kxf4 f6 49. gxf6+ Kxf6 50. Ng4+ Ke7 51. Kg5 Be8 52. Ne3 Bd7 53. Nf5+ Bxf5 54. exf5 Kf7 55. Re1 Re8 56. Re6 Re7 57. Rxe7+ Kxe7 58. Kg6 Kf8 59. f6 gxf6 60. Kxf6 Ke8 61. Ke6 Kd8 62. Kf7 1/2-1/2

[Event "Kiel op 28th"]
[Site "Kiel"]
[Date "2015.07.27"]
[Round "5"]
[White "Homuth, Manfred"]
[Black "Junge, Ralph"]
[Result "1/2-1/2"]
[WhiteElo "2142"]
[BlackElo "2214"]
[PlyCount "45"]
[EventDate "2015.07.25"]
[EventType "swiss"]
[EventRounds "9"]
[EventCountry "GER"]
[SourceTitle "CBM 167 Extra"]
[Source "ChessBase"]
[SourceDate "2015.09.14"]
[SourceVersion "1"]
[SourceVersionDate "2015.09.14"]
[SourceQuality "1"]

1. e4 g6 2. d4 Bg7 3. Nc3 a6 4. Be3 d6 5. Qd2 Nd7 6. f3 b5 7. a4 b4 8. Nd1 c5 9. c3 bxc3 10. bxc3 Rb8 11. Bd3 cxd4 12. cxd4 Nc5 13. Bc2 Nb3 14. Bxb3 Rxb3 15. Ne2 e6 16. 0-0 Ne7 17. Ndc3 0-0 18. Rab1 Rxb1 19. Rxb1 d5 20. Bh6 Qc7 21. Bxg7 Kxg7 22. Qb2 Rd8 23. Qb6 1/2-1/2

[Event "Schleswig Holstein-ch Seniors"]
[Site "Hanerau"]
[Date "2015.03.30"]
[Round "3"]
[White "Homuth, Manfred"]
[Black "Haffner, Alexander"]
[Result "1-0"]
[WhiteElo "2166"]
[BlackElo "2129"]
[PlyCount "127"]
[EventDate "2015.03.28"]
[EventType "swiss"]
[EventRounds "9"]
[EventCountry "GER"]
[SourceTitle "EXT 2018"]
[Source "ChessBase"]
[SourceDate "2017.10.13"]
[SourceVersion "1"]
[SourceVersionDate "2017.10.13"]
[SourceQuality "1"]

1. e4 g6 2. d4 Bg7 3. Nc3 c6 4. Nf3 d6 5. h3 Nf6 6. Be3 0-0 7. Be2 b5 8. e5 Nd5 9. Nxd5 cxd5 10. 0-0 a6 11. Qd2 Nc6 12. Bf4 dxe5 13. Nxe5 Nxe5 14. dxe5 e6 15. Bf3 Bb7 16. a4 Qc7 17. Rfe1 Rfc8 18. c3 Bc6 19. axb5 axb5 20. Qd4 Ra4 21. Rxa4 bxa4 22. Bd1 Qa5 23. Bc2 Rb8 24. Bc1 Bf8 25. Rd1 Bb5 26. Bd3 Bxd3 27. Rxd3 Rb3 28. Rf3 a3 29. bxa3 Rb1 30. Qf4 Qc7 31. Kh2 Bg7 32. g3 Bxe5 33. Qg5 Rb3 34. Kg2 d4 35. cxd4 Qc6 36. Qd8+ Kg7 37. d5 Qb7 38. Rxb3 Qxb3 39. dxe6 Qxe6 40. Qd2 Qc6+ 41. Kg1 Qb5 42. Qe3 Bf6 43. Bd2 Qb1+ 44. Kh2 Qa1 45. Qh6+ Kg8 46. Bb4 Bg7 47. Qe3 Be5 48. f4 Qb2+ 49. Qd2 Qxd2+ 50. Bxd2 Bb8 51. Kg2 f5 52. a4 Kf7 53. Kf3 Ke6 54. Ke2 Kd5 55. Kd3 g5 56. a5 Kc6 57. Kc4 gxf4 58. Bxf4 Ba7 59. Be5 h5 60. h4 Bf2 61. a6 Be1 62. a7 Kb7 63. Kd5 Kxa7 64. Ke6 1-0

[Event "Schleswig Holstein-ch Seniors"]
[Site "Leck"]
[Date "2014.04.18"]
[Round "9"]
[White "Homuth, Manfred"]
[Black "Budzyn, Matthias"]
[Result "1-0"]
[WhiteElo "2176"]
[BlackElo "2157"]
[PlyCount "65"]
[EventDate "2014.04.12"]
[EventType "swiss"]
[EventRounds "9"]
[EventCountry "GER"]
[SourceTitle "EXT 2018"]
[Source "ChessBase"]
[SourceDate "2017.10.13"]
[SourceVersion "1"]
[SourceVersionDate "2017.10.13"]
[SourceQuality "1"]

1. e4 e5 2. Nf3 Nc6 3. Bb5 a6 4. Ba4 Nf6 5. d4 exd4 6. 0-0 b5 7. Bb3 Be7 8. e5 Ne4 9. Bd5 Nc5 10. Nxd4 Bb7 11. Nf5 0-0 12. Re1 g6 13. Nh6+ Kg7 14. Ng4 Bg5 15. f4 f5 16. exf6+ Bxf6 17. Nxf6 Qxf6 18. Be3 Ne6 19. Nc3 Rad8 20. Qd2 Nxf4 21. Rf1 g5 22. g3 Nxd5 23. Rxf6 Nxf6 24. Bxg5 Ne5 25. Rf1 Nf3+ 26. Rxf3 Bxf3 27. Bh6+ Kf7 28. Bxf8 Rxf8 29. Qf4 Bc6 30. h3 h5 31. a3 d6 32. a4 bxa4 33. Qc4+ 1-0

[Event "Schleswig Holstein-ch Seniors"]
[Site "Leck"]
[Date "2014.04.14"]
[Round "3"]
[White "Homuth, Manfred"]
[Black "Krueger, Wolfgang"]
[Result "1/2-1/2"]
[WhiteElo "2176"]
[BlackElo "2135"]
[PlyCount "61"]
[EventDate "2014.04.12"]
[EventType "swiss"]
[EventRounds "9"]
[EventCountry "GER"]
[SourceTitle "EXT 2018"]
[Source "ChessBase"]
[SourceDate "2017.10.13"]
[SourceVersion "1"]
[SourceVersionDate "2017.10.13"]
[SourceQuality "1"]

1. e4 c5 2. Nf3 Nc6 3. Bb5 g6 4. Bxc6 dxc6 5. d3 Bg7 6. Nc3 b6 7. Be3 e5 8. h3 f6 9. Qd2 Be6 10. a4 a5 11. b3 Qe7 12. Nd1 Qf8 13. Rb1 Ne7 14. 0-0 h5 15. Nh2 g5 16. Nb2 Bh6 17. Nc4 Bxc4 18. bxc4 Nc8 19. Qe2 Qf7 20. Rfe1 Bf8 21. Nf1 Bd6 22. Ng3 Bc7 23. Nf5 Ne7 24. Nxe7 Qxe7 25. g3 Qe6 26. Kg2 Kd7 27. Rh1 h4 28. g4 Ke7 29. f3 Qd6 30. Bf2 Kf7 31. Rhe1 1/2-1/2

[Event "Schleswig Holstein-ch"]
[Site "Neumuenster"]
[Date "2013.03.25"]
[Round "3"]
[White "Krause, Jonah"]
[Black "Homuth, Manfred"]
[Result "1-0"]
[WhiteElo "2017"]
[BlackElo "2166"]
[PlyCount "71"]
[EventDate "2013.03.23"]
[EventType "swiss"]
[EventRounds "5"]
[EventCountry "GER"]
[SourceTitle "CBM 153 Extra"]
[Source "ChessBase"]
[SourceDate "2013.04.22"]
[SourceVersion "1"]
[SourceVersionDate "2013.04.22"]
[SourceQuality "1"]

1. d4 Nf6 2. c4 g6 3. Nc3 Bg7 4. e4 d6 5. Nf3 0-0 6. Be2 e5 7. 0-0 Nbd7 8. Be3 c6 9. d5 c5 10. Ne1 Qe7 11. g4 Ne8 12. Kh1 f5 13. exf5 gxf5 14. gxf5 Ndf6 15. Nf3 Bxf5 16. Ng5 Nc7 17. Bxc5 dxc5 18. d6 Qd7 19. dxc7 Qxc7 20. Bf3 Rad8 21. Nd5 Nxd5 22. Bxd5+ Kh8 23. Qh5 Bg6 24. Qe2 Rf6 25. Ne6 Rxe6 26. Bxe6 Bd3 27. Qh5 Bxf1 28. Rxf1 Qc6+ 29. Bd5 Qh6 30. Qg4 Qf4 31. Qg2 b6 32. Rg1 Qf8 33. Qg4 Qe7 34. Rg3 Rf8 35. Rh3 Rf4 36. Qg6 1-0

[Event "Kiel op 25th"]
[Site "Kiel"]
[Date "2012.07.31"]
[Round "6"]
[White "Junge, Ralph"]
[Black "Homuth, Manfred"]
[Result "1-0"]
[WhiteElo "2322"]
[BlackElo "2173"]
[PlyCount "75"]
[EventDate "2012.07.28"]
[EventType "swiss"]
[EventRounds "9"]
[EventCountry "GER"]
[SourceTitle "EXT 2015"]
[Source "ChessBase"]
[SourceDate "2014.11.20"]
[SourceVersion "1"]
[SourceVersionDate "2014.11.20"]
[SourceQuality "1"]

1. e4 c5 2. d4 cxd4 3. c3 Nf6 4. e5 Nd5 5. Nf3 e6 6. cxd4 b6 7. Nc3 Nxc3 8. bxc3 Qc7 9. Bb2 Bb7 10. Bd3 d6 11. 0-0 Nd7 12. Re1 Be7 13. exd6 Bxd6 14. c4 0-0 15. d5 e5 16. Ng5 h6 17. Ne4 f5 18. Nxd6 Qxd6 19. a4 Rae8 20. Ba3 Nc5 21. Bf1 Rc8 22. a5 Rfe8 23. axb6 axb6 24. Bb4 Ra8 25. Qc2 Rxa1 26. Rxa1 Bc8 27. Ra7 Rf8 28. Qb2 Re8 29. f3 Kh7 30. f4 Qb8 31. Qa1 Nb3 32. Qa3 Na5 33. Rf7 Kg6 34. Re7 Rxe7 35. Bxe7 e4 36. Bd6 Qb7 37. Be5 Bd7 38. Qg3+ 1-0

[Event "Kiel op 25th"]
[Site "Kiel"]
[Date "2012.07.30"]
[Round "5"]
[White "Homuth, Manfred"]
[Black "Horn, Peter"]
[Result "1/2-1/2"]
[WhiteElo "2173"]
[BlackElo "2159"]
[PlyCount "53"]
[EventDate "2012.07.28"]
[EventType "swiss"]
[EventRounds "9"]
[EventCountry "GER"]
[SourceTitle "EXT 2015"]
[Source "ChessBase"]
[SourceDate "2014.11.20"]
[SourceVersion "1"]
[SourceVersionDate "2014.11.20"]
[SourceQuality "1"]

1. e4 e6 2. d4 d5 3. Nd2 c5 4. exd5 Qxd5 5. Ngf3 cxd4 6. Bc4 Qd6 7. 0-0 Nf6 8. Nb3 Nc6 9. Nbxd4 Nxd4 10. Nxd4 a6 11. b3 Qc7 12. Bb2 Bd6 13. h3 0-0 14. a4 e5 15. Nf3 Bf5 16. Qe2 Rac8 17. Rfd1 e4 18. Nd4 Bg6 19. Ba3 Bxa3 20. Rxa3 Rcd8 21. Raa1 Rfe8 22. Qe3 h6 23. Rd2 Nd5 24. Bxd5 Rxd5 25. c4 Rd7 26. Rad1 Red8 27. Ne2 1/2-1/2

[Event "Schleswig Holstein-ch M class"]
[Site "Schleswig Holstein"]
[Date "2012.04.04"]
[Round "6"]
[White "Reinecker, Kai"]
[Black "Homuth, Manfred"]
[Result "1/2-1/2"]
[WhiteElo "2233"]
[BlackElo "2164"]
[PlyCount "30"]
[EventDate "2012.03.31"]
[EventType "swiss"]
[EventRounds "9"]
[EventCountry "GER"]
[SourceTitle "EXT 2022"]
[Source "ChessBase"]
[SourceDate "2021.10.06"]
[SourceVersion "1"]
[SourceVersionDate "2021.10.06"]
[SourceQuality "1"]

1. e4 c5 2. c3 Nf6 3. e5 Nd5 4. Nf3 e6 5. Bc4 d6 6. exd6 Bxd6 7. d4 0-0 8. 0-0 Nc6 9. dxc5 Bxc5 10. Nbd2 Nf6 11. Qe2 Be7 12. Rd1 Qa5 13. Nf1 Qc7 14. Ng3 Bd7 15. Bb3 Rad8 1/2-1/2

[Event "Schleswig Holstein-ch M class"]
[Site "Schleswig Holstein"]
[Date "2012.04.02"]
[Round "4"]
[White "Homuth, Manfred"]
[Black "Marx, Joschka"]
[Result "1-0"]
[WhiteElo "2164"]
[BlackElo "2017"]
[PlyCount "63"]
[EventDate "2012.03.31"]
[EventType "swiss"]
[EventRounds "9"]
[EventCountry "GER"]
[SourceTitle "EXT 2022"]
[Source "ChessBase"]
[SourceDate "2021.10.06"]
[SourceVersion "1"]
[SourceVersionDate "2021.10.06"]
[SourceQuality "1"]

1. e4 c6 2. d4 g6 3. Nc3 d5 4. Nf3 dxe4 5. Nxe4 Bg7 6. Bc4 Nf6 7. Nxf6+ Bxf6 8. Bh6 Bg4 9. c3 Bxf3 10. Qxf3 e6 11. 0-0 Nd7 12. Rfe1 Qc7 13. a4 0-0-0 14. Bf4 e5 15. Bg3 Rhe8 16. Bxf7 Re7 17. Bc4 Rde8 18. a5 h5 19. h4 Bg7 20. a6 b6 21. Rad1 Kb8 22. Re2 Bh6 23. dxe5 Nxe5 24. Qf6 Bg7 25. Qg5 Ka8 26. Rde1 b5 27. Bf7 Rxf7 28. Bxe5 Bxe5 29. Rxe5 Rxe5 30. Rxe5 Qd7 31. Qxg6 Rf8 32. Qe6 1-0

[Event "Schleswig Holstein-ch M class"]
[Site "Schleswig Holstein"]
[Date "2012.03.31"]
[Round "1"]
[White "Plueg, Andreas"]
[Black "Homuth, Manfred"]
[Result "1/2-1/2"]
[WhiteElo "2310"]
[BlackElo "2164"]
[PlyCount "33"]
[EventDate "2012.03.31"]
[EventType "swiss"]
[EventRounds "9"]
[EventCountry "GER"]
[SourceTitle "EXT 2022"]
[Source "ChessBase"]
[SourceDate "2021.10.06"]
[SourceVersion "1"]
[SourceVersionDate "2021.10.06"]
[SourceQuality "1"]

1. d4 Nf6 2. Nf3 g6 3. Bf4 Bg7 4. e3 d6 5. h3 0-0 6. Be2 Nfd7 7. 0-0 e5 8. Bh2 Nc6 9. a4 e4 10. Nfd2 f5 11. a5 a6 12. c4 Nf6 13. Nc3 Kh8 14. Ra4 Bd7 15. b4 Qe7 16. Qc2 g5 17. b5 1/2-1/2

[Event "Schleswig Holstein-ch M 64th"]
[Site "Altenholz"]
[Date "2009.04.09"]
[Round "8"]
[White "Schwarz, Oliver"]
[Black "Homuth, Manfred"]
[Result "1-0"]
[WhiteElo "2130"]
[BlackElo "2148"]
[PlyCount "153"]
[EventDate "2009.04.04"]
[EventType "swiss"]
[EventRounds "9"]
[EventCountry "GER"]
[SourceTitle "CBM 129 Extra"]
[Source "ChessBase"]
[SourceDate "2009.05.05"]
[SourceVersion "2"]
[SourceVersionDate "2009.05.20"]
[SourceQuality "1"]

1. d4 Nf6 2. Nf3 g6 3. g3 Bg7 4. Bg2 0-0 5. 0-0 d6 6. c4 Nc6 7. Nc3 a6 8. h3 Rb8 9. Re1 Nd7 10. Be3 e5 11. Qd2 exd4 12. Nxd4 Nxd4 13. Bxd4 Ne5 14. b3 Be6 15. Rad1 Qe7 16. f4 Nc6 17. Bxg7 Kxg7 18. e4 f6 19. Kh2 Rbd8 20. Nd5 Qf7 21. Ne3 Rde8 22. Qc3 Bc8 23. g4 Kg8 24. Rf1 Qg7 25. c5 dxc5 26. Qxc5 Qe7 27. Qc3 Qb4 28. Qb2 Ne7 29. Rd4 Qb6 30. Nc4 Qa7 31. Rd3 Be6 32. Ne3 Nc6 33. a3 Rd8 34. Rfd1 Rxd3 35. Rxd3 Qc5 36. b4 Qe7 37. Nd5 Bxd5 38. Rxd5 Rd8 39. Qb3 Kg7 40. Qc3 Kf7 41. Qc4 Kg7 42. Qc3 Kf7 43. e5 fxe5 44. fxe5 Kg7 45. Rc5 Qf8 46. e6+ Kg8 47. Qg3 Qd6 48. Bxc6 bxc6 49. Qxd6 Rxd6 50. Ra5 Rxe6 51. Rxa6 Kf7 52. Ra7 Re7 53. Kg3 Ke6 54. a4 Kd5 55. a5 Kd6 56. Kf3 Re1 57. Ra8 Rf1+ 58. Kg2 Rb1 59. Rb8 Rb2+ 60. Kg3 Rb3+ 61. Kh4 g5+ 62. Kxg5 Rxh3 63. a6 Ra3 64. Ra8 Ra4 65. a7 Kd7 66. Kh6 c5 67. bxc5 Kc6 68. Kxh7 Kxc5 69. g5 Kb6 70. g6 Rh4+ 71. Kg7 c5 72. Rh8 Rxh8 73. Kxh8 Kxa7 74. g7 Kb6 75. g8Q Kb5 76. Qb3+ Kc6 77. Qc4 1-0

[Event "Kiel op 21th"]
[Site "Kiel"]
[Date "2008.08.10"]
[Round "3"]
[White "Hagenlueke, Thomas"]
[Black "Homuth, Manfred"]
[Result "0-1"]
[WhiteElo "1927"]
[BlackElo "2213"]
[PlyCount "84"]
[EventDate "2008.08.09"]
[EventType "swiss"]
[EventRounds "9"]
[EventCountry "GER"]
[SourceTitle "EXT 2009"]
[Source "ChessBase"]
[SourceDate "2008.11.26"]
[SourceVersion "1"]
[SourceVersionDate "2008.11.26"]
[SourceQuality "1"]

1. e4 c5 2. c3 d6 3. d4 Nf6 4. Bd3 Qc7 5. Nf3 g6 6. Bf4 Bg7 7. 0-0 0-0 8. Na3 Nfd7 9. Qd2 Nc6 10. Nc2 e5 11. dxe5 dxe5 12. Bh6 Nf6 13. Bxg7 Kxg7 14. Ne3 Rd8 15. Qc2 b6 16. Bc4 Na5 17. Bd5 Bb7 18. c4 Nc6 19. Bxc6 Bxc6 20. Nd5 Bxd5 21. exd5 Ne8 22. Rfe1 f6 23. Nd2 Nd6 24. g4 Qd7 25. h3 b5 26. b3 bxc4 27. bxc4 Rab8 28. Nb3 Qa4 29. Rac1 Qb4 30. g5 Re8 31. gxf6+ Kxf6 32. Nd2 Qa3 33. Nb3 Rb4 34. Qe2 Ra4 35. Rc2 Qb4 36. Rec1 Ra3 37. Qf3+ Kg7 38. Qe3 Nf5 39. Qxc5 Rxb3 40. Qc7+ Re7 41. Qxe7+ Qxe7 42. axb3 Nd4 0-1

[Event "Kiel op-A 19th"]
[Site "Kiel"]
[Date "2006.07.28"]
[Round "9"]
[White "Kim, Oi Sin"]
[Black "Homuth, Manfred"]
[Result "0-1"]
[WhiteElo "2097"]
[BlackElo "2225"]
[PlyCount "32"]
[EventDate "2006.07.22"]
[EventType "swiss"]
[EventRounds "9"]
[EventCountry "GER"]
[SourceTitle "CBM 113 Extra"]
[Source "ChessBase"]
[SourceDate "2006.09.14"]
[SourceVersion "1"]
[SourceVersionDate "2006.09.14"]
[SourceQuality "1"]

1. e4 c5 2. Nc3 Nc6 3. g3 g6 4. d3 Bg7 5. Bg2 d6 6. Be3 e5 7. Qd2 Nge7 8. f4 Nd4 9. Nf3 0-0 10. 0-0 Rb8 11. fxe5 dxe5 12. Bh6 f6 13. Bxg7 Kxg7 14. h3 Be6 15. b3 Qa5 16. Rad1 Qxc3 0-1

[Event "Kiel op-A 19th"]
[Site "Kiel"]
[Date "2006.07.24"]
[Round "5"]
[White "Marxen, Tobias"]
[Black "Homuth, Manfred"]
[Result "1/2-1/2"]
[WhiteElo "2083"]
[BlackElo "2225"]
[PlyCount "140"]
[EventDate "2006.07.22"]
[EventType "swiss"]
[EventRounds "9"]
[EventCountry "GER"]
[SourceTitle "CBM 113 Extra"]
[Source "ChessBase"]
[SourceDate "2006.09.14"]
[SourceVersion "1"]
[SourceVersionDate "2006.09.14"]
[SourceQuality "1"]

1. d4 Nf6 2. c4 g6 3. Nf3 Bg7 4. Nc3 0-0 5. e4 d6 6. Be2 e5 7. 0-0 Nbd7 8. Be3 Re8 9. Qc2 Ng4 10. Bg5 f6 11. Bh4 h5 12. Bg3 Nh6 13. dxe5 dxe5 14. Rfd1 c6 15. b4 Qc7 16. Rac1 Nf8 17. b5 Bg4 18. Nd2 Ne6 19. Nb3 Bxe2 20. Nxe2 Nf7 21. Qb2 Bh6 22. Rb1 cxb5 23. cxb5 Rac8 24. Rd3 Qc4 25. Rbd1 Qc2 26. Qxc2 Rxc2 27. Nc3 Kg7 28. f3 Rc8 29. Nd5 Rxa2 30. Rf1 a5 31. Bh4 Bg5 32. Bxg5 Nfxg5 33. Rc1 Rxc1+ 34. Nxc1 Rc2 35. Nb3 a4 36. Na5 Nc5 37. Ra3 Nge6 38. Nb6 Rb2 39. Nxa4 Nxa4 40. Rxa4 Rxb5 41. Ra2 Kf7 42. Nc4 Rb4 43. Ne3 Nf4 44. Kf2 h4 45. h3 Nd3+ 46. Kg1 Rb1+ 47. Kh2 Rb2 48. Ra3 Nf4 49. Kg1 Ke6 50. Kf1 Kd7 51. Rc3 Rd2 52. Rb3 Kc7 53. Rc3+ Kd8 54. Rb3 Kc7 55. Rc3+ Kb8 56. Rb3 Kc7 57. Rc3+ Kd8 58. Rb3 Rd3 59. Rxd3+ Nxd3 60. Nd5 f5 61. exf5 gxf5 62. Ne3 f4 63. Nf5 b5 64. Nxh4 b4 65. Ke2 Nc5 66. Ng6 Nd7 67. h4 Ke8 68. h5 Kf7 69. Kd3 Kf6 70. Kc4 Kg5 1/2-1/2

[Event "Schleswig Holstein-ch M 58th"]
[Site "Luetjenburg"]
[Date "2003.??.??"]
[Round "1"]
[White "Boehm, Thomas1"]
[Black "Homuth, Manfred"]
[Result "1/2-1/2"]
[WhiteElo "2057"]
[BlackElo "2243"]
[PlyCount "116"]
[EventDate "2003.??.??"]
[EventType "swiss"]
[EventRounds "9"]
[EventCountry "GER"]
[SourceTitle "EXT 2010"]
[Source "ChessBase"]
[SourceDate "2010.11.25"]
[SourceVersion "1"]
[SourceVersionDate "2010.11.25"]
[SourceQuality "1"]

1. e4 c5 2. Nc3 Nc6 3. g3 g6 4. Bg2 Bg7 5. d3 d6 6. Be3 e5 7. Qd2 Nge7 8. Bh6 Bxh6 9. Qxh6 Nd4 10. Qd2 Qa5 11. Nge2 Bg4 12. Nxd4 cxd4 13. Nd5 Qxd2+ 14. Kxd2 Nxd5 15. exd5 0-0 16. c3 dxc3+ 17. bxc3 Rac8 18. Rab1 b6 19. Rb4 Bd7 20. Rb3 Rc7 21. Rhb1 Rfc8 22. Ra3 Rb8 23. Bf3 f5 24. Bd1 Rf8 25. Ba4 f4 26. Bxd7 Rxd7 27. g4 h6 28. Ra4 Rc7 29. Rbb4 Rff7 30. Rc4 Kf8 31. f3 g5 32. Rxc7 Rxc7 33. Rb4 Rc5 34. c4 Ke7 35. d4 exd4 36. Kd3 Rc8 37. Rb2 Kd7 38. Re2 b5 39. Rc2 Re8 40. Kxd4 Re3 41. Rc3 Re2 42. Ra3 bxc4 43. Rxa7+ Kd8 44. Kxc4 Rxh2 45. a4 Rh3 46. Rh7 Rxf3 47. Rxh6 Kc7 48. Rg6 Ra3 49. Kb5 Ra1 50. Rxg5 f3 51. Rf5 Rb1+ 52. Ka5 Rd1 53. Rf7+ Kc8 54. Kb6 Rxd5 55. Kc6 Rc5+ 56. Kxd6 Rc4 57. Rxf3 Rxg4 58. Kc6 Rg6+ 1/2-1/2

[Event "Schleswig Holstein-ch M 58th"]
[Site "Luetjenburg"]
[Date "2003.??.??"]
[Round "4"]
[White "Homuth, Manfred"]
[Black "Krueger, Wolfgang"]
[Result "1/2-1/2"]
[WhiteElo "2243"]
[BlackElo "2239"]
[PlyCount "57"]
[EventDate "2003.??.??"]
[EventType "swiss"]
[EventRounds "9"]
[EventCountry "GER"]
[SourceTitle "EXT 2010"]
[Source "ChessBase"]
[SourceDate "2010.11.25"]
[SourceVersion "1"]
[SourceVersionDate "2010.11.25"]
[SourceQuality "1"]

1. e4 c5 2. Nf3 Nc6 3. d4 cxd4 4. Nxd4 g6 5. Nc3 Bg7 6. Be3 Nf6 7. Nxc6 bxc6 8. e5 Nd5 9. Nxd5 cxd5 10. Qxd5 Rb8 11. Bc4 0-0 12. 0-0 d6 13. exd6 Be6 14. dxe7 Qxe7 15. Qd3 Rfd8 16. Qe2 Rxb2 17. Rab1 Rc8 18. Bxe6 Qxe6 19. Rxb2 Bxb2 20. Qb5 Rxc2 21. Qb8+ Qc8 22. Qxa7 Bf6 23. a4 Kg7 24. a5 Qc4 25. Qd7 h5 26. h3 Ra2 27. Bb6 h4 28. Bd8 Be5 29. Qg4 1/2-1/2